000 01195nam a22003497a 4500
003 CHAP
005 20250506093640.0
008 971013s1985 r 00010 d
010 _a67944
011 _a68916
035 _a78390
040 _cCHAP
090 _aTesis
100 1 0 _aGallegos Vázquez, Clemente
_944424
245 _aContribución al conocimiento de los sistemas de producción de cosechas de secano del área de estudio del CREZAS-CP
260 _aChapingo, Méx. :
_bEl autor,
_c1985
300 _a207 h.
_b: ilus.
500 _a26-75
502 _aTesis (Ing. Agrónomo Esp. en Zonas Aridas) -- UACH. Departamento de Zonas Aridas
590 _aALEPH
_b10
_c20130110
_lUCH01
_h1404
590 _aBATCH-UPD
_b10
_c20130110
_lUCH01
_h0256
590 _aBATCH-UPD
_b10
_c20130110
_lUCH01
_h1037
590 _aBATCH-UPD
_b10
_c20130410
_lUCH01
_h1342
590 _aBATCH-UPD
_b10
_c20130914
_lUCH01
_h0006
590 _aCONVERSION
_b10
_c20130109
_lUCH01
_h1337
650 1 4 _aAgricultura
_xZacatecas.
_91905
650 1 4 _aCultivos de secano.
_930373
650 1 4 _aSistemas de cultivo.
_9106746
901 _aBK
942 _cTESIS
949 _bBC
_cTES
_d-31264
_eTS1
_h18681
_i78390
_si
999 _c67944
_d67944